[Event "Memorial A.Rubinstein"]
[Site "masterchessopen.com – Polanica Zdroj (Poland)"]
[Round "0"]
[White "Garcia Gonzales Guillermo (CUB)"]
[Black "Tomaszewski Roman (POL)"]
[Result "1-0"]
[WhiteElo "2510"]
[BlackElo "2435"]

1.d4 Nf6 2.c4 g6 3.Nc3 d5 4.Nf3 Bg7 5.Bf4 O-O 6.Rc1 c5 7.dxc5 Be6 8.Nd4 Nc6
9.Nxe6 fxe6 10.e3 e5 11.cxd5 exf4 12.dxc6 bxc6 13.Bc4+ Kh8 14.Qxd8 Raxd8
15.exf4 Nd7 16.g3 Nxc5 17.O-O e5 18.b4 Nd3 19.Bxd3 Rxd3 20.fxe5 Bxe5 21.Ne4
Rd4 22.Nc5 Rxb4 23.Nd3 Re4 24.Rxc6 Bd4 25.Rc2 Bb6 26.Re1 Rxe1+ 27.Nxe1 Rf5
28.Kf1 Kg7 29.Nd3 Ra5 30.Nc1 Kf6 31.Nb3 Ra4 32.Nd2 Kf5 33.h3 Ke6 34.Ke2 Kf6
35.Nc4 Bc5 36.Kd3 Rb4 37.Re2 Rb1 38.Nd2 Rb5 39.Kc4 Ra5 {#r} 1-0

[Event "Cup Rilton"]
[Site "masterchessopen.com – Stockholm (Sweden)"]
[Round "0"]
[White "Sjoberg Mats (SWE)"]
[Black "Welin Thomas (SWE)"]
[Result "1-0"]
[WhiteElo "2337"]
[BlackElo "2375"]

1.d4 Nf6 2.Nf3 g6 3.c4 Bg7 4.Nc3 d5 5.Bf4 O-O 6.Rc1 dxc4 7.e4 Bg4 8.Bxc4 Bxf3
9.Qxf3 Nh5 10.Be5 Bxe5 11.dxe5 Nc6 12.Qe3 e6 13.Be2 Nxe5 14.Rd1 Qe7 15.Bxh5
gxh5 16.O-O Kh8 17.h3 Rad8 18.Qxa7 c5 19.Rxd8 Rxd8 20.Rd1 Rg8 21.Kf1 h4 22.f4
Nc4 23.Kg1 Qc7 24.Rf1 Nxb2 25.Qa3 Nc4 26.Qc1 Nd6 27.Qe1 Qe7 28.e5 Nf5 29.Ne4
c4 30.Nf6 Rd8 31.Qe2 Qc5+ 32.Kh2 Ng3 33.Rd1 Rxd1 34.Qxd1 Qc8 35.Qg4 Nf5 36.Qh5
h6 37.Qxf7 {#r} 1-0

[Event "Bundesliga 1987/88 (2nd)"]
[Site "masterchessopen.com – Germany"]
[Round "0"]
[White "Schaefer Juergen (GER)"]
[Black "Pfrommer Christoph (GER)"]
[Result "1-0"]
[WhiteElo "2107"]
[BlackElo "2353"]

1.d4 Nf6 2.Nf3 g6 3.c4 Bg7 4.Nc3 d5 5.Bf4 O-O 6.Rc1 dxc4 7.e3 Be6 8.Ng5 Bd5
9.f3 c6 10.a4 Nh5 11.Bxb8 Rxb8 12.e4 e5 13.h4 exd4 14.Nb1 h6 15.exd5 hxg5
16.Bxc4 Re8+ 17.Kf2 d3 {#r} 1-0

[Event "corr."]
[Site "masterchessopen.com – Hungary"]
[Round "0"]
[White "Kormos Lajos (HUN)"]
[Black "Timar Zsolt (HUN)"]
[Result "1-0"]
[WhiteElo "2099"]
[BlackElo "2119"]

1.d4 Nf6 2.c4 g6 3.Nc3 d5 4.Bf4 Bg7 5.Nf3 O-O 6.Rc1 c5 7.dxc5 Be6 8.e3 Nc6
9.Nd4 Nxd4 10.exd4 dxc4 11.Be2 Qd7 12.Be5 Bh6 13.Ra1 Nd5 14.O-O f6 15.Bg3 Nxc3
16.bxc3 Bd5 17.Qb1 Qc6 18.Qb4 a5 19.Qb2 Kh8 20.f3 Be3+ 21.Kh1 Bh6 22.a4 Qe6
23.Rfe1 Qf7 24.Bd1 Ra6 25.Qf2 Rc8 26.Rb1 Kg8 27.f4 e6 28.Qf1 Qd7 29.Rb5 Bc6
30.Qxc4 Bxb5 31.axb5 Raa8 32.Rxe6 Qf7 33.f5 Bf8 34.Bf3 Kg7 35.Qd5 gxf5 36.Qxf5
Re8 37.Rb6 {#r} 1-0

[Event "It (open)"]
[Site "masterchessopen.com – Lienz (Austria)"]
[Round "0"]
[White "Pronold Helmut (GER)"]
[Black "Kupfner Franz (AUT)"]
[Result "1-0"]
[WhiteElo "2095"]
[BlackElo "2146"]

1.d4 Nf6 2.c4 g6 3.Nc3 d5 4.Nf3 Bg7 5.Bf4 O-O 6.Rc1 dxc4 7.e3 c5 8.dxc5 Qxd1+
9.Rxd1 Na6 10.c6 bxc6 11.Bxc4 Nc5 12.h3 Be6 13.Bxe6 Nxe6 14.Be5 Rfd8 15.Ke2
Nd5 16.Na4 Nb6 17.Rxd8+ Rxd8 18.Nc3 f6 19.Bg3 Nc5 20.Rc1 e5 21.b4 Na6 22.a3
Nc7 23.Nb1 Rd6 24.Nd4 Nb5 25.Nxc6 Na4 26.Na5 Bf8 27.f3 Be7 28.Be1 Kf7 29.Rc8
Rd7 30.Nc4 h5 31.Rc6 Bd8 32.g4 hxg4 33.fxg4 e4 34.Bg3 Be7 35.g5 Rd3 36.gxf6
Nac3+ 37.Nxc3 Nxc3+ 38.Kf1 Bxf6 39.Be5 {#r} 1-0

[Event "It"]
[Site "masterchessopen.com – Bayamo (Cuba)"]
[Round "0"]
[White "Vilela Jose Luis (CUB)"]
[Black "Garcia Gildardo (COL)"]
[Result "1-0"]
[WhiteElo "2359"]
[BlackElo "2430"]

1.d4 Nf6 2.c4 g6 3.Nc3 d5 4.Bf4 Bg7 5.Nf3 O-O 6.Rc1 c5 7.dxc5 Qa5 8.cxd5 Rd8
9.Bd2 Na6 10.e4 Nxc5 11.e5 Nfd7 12.a3 Qc7 13.Nb5 Qb8 14.Bf4 a6 15.Nbd4 f6
16.Ne6 fxe5 17.Bg3 Bh6 18.Rc2 Nxe6 19.dxe6 b5 20.Nxe5 Qb6 21.exd7 Bxd7 22.Nxd7
Qe6+ 23.Be2 Rxd7 24.Qb1 Rad8 25.O-O Bd2 26.Bf3 h5 27.Rc6 {#r} 1-0

[Event "It"]
[Site "masterchessopen.com – Belgrade (Yugoslavia)"]
[Round "0"]
[White "Kapetanovic Armin (BIH)"]
[Black "Nestorovic Dejan (SRB)"]
[Result "0-1"]
[WhiteElo "2449"]
[BlackElo "2390"]

1.d4 Nf6 2.c4 g6 3.Nc3 d5 4.Nf3 Bg7 5.Bf4 O-O 6.Rc1 dxc4 7.e4 c5 8.dxc5 Qa5
9.e5 Nfd7 10.Bxc4 Nc6 11.e6 fxe6 12.Be3 Nde5 13.Nxe5 Nxe5 14.Bb3 Rd8 {#R} 0-1

[Event "It"]
[Site "masterchessopen.com – Aarhus (Denmark)"]
[Round "3"]
[White "Pedersen Erik (DEN)"]
[Black "Dobos Jozsef (HUN)"]
[Result "1-0"]
[WhiteElo "2410"]
[BlackElo "2405"]

1.d4 Nf6 2.Nf3 g6 3.c4 Bg7 4.Nc3 O-O 5.Bf4 d5 6.Rc1 c5 7.dxc5 Be6 8.Nd4 Nc6
9.Nxe6 fxe6 10.e3 Qa5 11.Be2 Rad8 12.Qa4 Qxc5 13.O-O Qb6 14.Qb5 Qxb5 15.cxb5
Nb8 16.Na4 b6 17.Rc7 Rd7 18.Rfc1 Ne8 19.Rxd7 Nxd7 20.Bg4 e5 21.Bg3 Rf5 22.Bxf5
gxf5 23.Rc8 Kf7 24.Ra8 d4 25.exd4 exd4 26.Rxa7 Ke6 27.Rxd7 Kxd7 28.Nxb6+ Kd8
29.Nc4 d3 30.Kf1 {#r} 1-0

[Event "Ch Yugoslavia (team)"]
[Site "masterchessopen.com – Cetinje (Montenegro)"]
[Round "3"]
[White "Kapetanovic Armin (BIH)"]
[Black "Ristic Nenad (SRB)"]
[Result "1-0"]
[WhiteElo "2449"]
[BlackElo "2420"]

1.d4 Nf6 2.Nf3 g6 3.c4 Bg7 4.Nc3 d5 5.Bf4 O-O 6.Rc1 c5 7.dxc5 dxc4 8.e4 Qa5
9.e5 Nfd7 10.Bxc4 Nxc5 11.O-O Nc6 12.Nd5 Ne6 13.Bd2 Qd8 14.Re1 b6 15.Bb5 Ncd4
16.Nxd4 Nxd4 17.Bc4 Be6 18.Bb4 Bxd5 19.Qxd4 Bxc4 20.Rxc4 Qxd4 21.Rxd4 Rfd8
22.Rxd8+ Rxd8 23.Bxe7 Rd2 24.f4 Bf8 25.Bf6 h6 26.g4 Bg7 27.g5 Rxb2 28.Rc1 hxg5
29.Rc8+ Kh7 30.fxg5 Rxa2 31.e6 Bxf6 32.gxf6 Ra1+ 33.Kf2 Ra2+ 34.Ke3 Ra3+
35.Kd2 Ra2+ 36.Kc1 {#r} 1-0

[Event "Ch Europe (team)"]
[Site "masterchessopen.com – Debrecen (Hungary)"]
[Round "0"]
[White "Van Wely Loek (NED)"]
[Black "Hausner Ivan (CZE)"]
[Result "0-1"]
[WhiteElo "2525"]
[BlackElo "2410"]

1.d4 Nf6 2.c4 g6 3.Nc3 d5 4.Nf3 Bg7 5.Bf4 O-O 6.Rc1 c5 7.dxc5 Na6 8.cxd5 Nxc5
9.Be5 Bf5 10.e3 Nce4 11.Bc4 Nxf2 12.Qb3 Nxh1 13.Qxb7 Ne4 14.Nxe4 Bxe4 15.Bxg7
Kxg7 16.Qb3 Qa5+ 17.Qc3+ Qxc3+ 18.bxc3 Rfd8 19.Ke2 Bxd5 20.Bb3 Bxb3 21.axb3
Rab8 22.Nd4 Rdc8 23.Rxh1 e5 24.Nf3 Rxc3 25.Nxe5 Rbxb3 26.Kd2 {#R} 0-1

[Event "Bundesliga 1991/92 (w)"]
[Site "masterchessopen.com – Germany"]
[Round "0"]
[White "Geissler Grit (GER)"]
[Black "Claus Caroline (GER)"]
[Result "0-1"]
[WhiteElo "2035"]
[BlackElo "2075"]

1.c4 Nf6 2.Nc3 d5 3.d4 g6 4.Nf3 Bg7 5.Bf4 O-O 6.cxd5 Nxd5 7.Nxd5 Qxd5 8.Bxc7
Na6 9.Bf4 Bf5 10.a3 Rac8 11.e3 Bc2 12.Qd2 Be4 13.Qd1 Rc2 14.b4 Qb3 15.Be2 Qb2
16.Bxa6 Qc3+ 17.Kf1 bxa6 18.h4 Qb2 19.Bg3 Rfc8 20.Ne1 Rd2 {#R} 0-1

[Event "It (open) \"]
[Site "masterchessopen.com – Hlinsko (Czech Republic)"]
[Round "4"]
[White "Hausner Ivan (CZE)"]
[Black "Krupkova Petra (CZE)"]
[Result "1-0"]
[WhiteElo "2407"]
[BlackElo "2270"]

1.d4 Nf6 2.c4 g6 3.Nc3 d5 4.Nf3 Bg7 5.Bf4 O-O 6.Rc1 dxc4 7.e4 c5 8.dxc5 Qa5
9.e5 Ne4 10.Bxc4 Nxc5 11.O-O Nc6 12.Nd5 Ne6 13.Bd2 Qd8 14.Bc3 Rb8 15.a4 Nc7
16.Nxc7 Qxc7 17.Qe2 e6 18.b4 b6 19.b5 Ne7 20.Bb4 Qb7 21.Nd4 Ra8 22.Nc6 Nxc6
23.bxc6 Qc7 24.Bd6 Qd8 25.c7 {#r} 1-0

[Event "It"]
[Site "masterchessopen.com – Punta del Este (Uruguay)"]
[Round "7"]
[White "De Dovitiis Alejo (ARG)"]
[Black "Sosa Macho Juan Manu (URU)"]
[Result "1-0"]
[WhiteElo "2366"]
[BlackElo "2145"]

1.d4 Nf6 2.c4 g6 3.Nc3 Bg7 4.Nf3 O-O 5.Bf4 d5 6.cxd5 Nxd5 7.Nxd5 Qxd5 8.Bxc7
Na6 9.Bf4 Bf5 10.Bd2 Bxd4 11.Nxd4 Qxd4 12.Bc3 Qxd1+ 13.Rxd1 Rfd8 14.f3 Be6
15.Rxd8+ Rxd8 16.b3 Nc5 17.g4 Rc8 18.Bd2 b6 19.Bg2 a5 20.Kf2 a4 21.b4 Nd7
22.a3 Rc2 23.Bh6 Bc4 24.Rd1 Rxe2+ 25.Kg3 Be6 26.Bf1 Rc2 27.Bb5 Rc7 28.Bxa4 f6
29.h4 Kf7 30.Bb5 Ne5 31.Rc1 Ra7 32.Rc3 Bd7 33.Be2 b5 34.Be3 Ra8 35.Bc1 Ra7
36.f4 Nc4 37.Bxc4+ bxc4 38.Rxc4 Be6 {#r} 1-0

[Event "It (open)"]
[Site "masterchessopen.com – Fuzesabony (Hungary)"]
[Round "8"]
[White "Kovacs Tibor (HUN)"]
[Black "Bujdoso Bela (HUN)"]
[Result "1-0"]
[WhiteElo "1834"]
[BlackElo "1935"]

1.d4 Nf6 2.c4 g6 3.Nc3 d5 4.Bf4 Bg7 5.Nf3 O-O 6.cxd5 Nxd5 7.Nxd5 Qxd5 8.Bxc7
Na6 9.Bg3 Bf5 10.a3 Rac8 11.Rc1 Qa5+ 12.Nd2 Bxd4 13.e4 Bxb2 14.Rb1 Qxa3
15.Bxa6 bxa6 16.exf5 Rfd8 17.O-O Rd3 18.Qe2 Rc2 19.Bf4 gxf5 20.Rfd1 f6 21.Qe6+
Kg7 22.Nf3 Qc5 23.Be3 Qa3 24.Qxf5 Rxd1+ 25.Rxd1 Qa4 26.Qd7 Rc7 27.Qxa4 {#r}
1-0

[Event "It (open)"]
[Site "masterchessopen.com – Fuzesabony (Hungary)"]
[Round "4"]
[White "Timar Zsolt (HUN)"]
[Black "Kundrak GAbor (HUN)"]
[Result "1-0"]
[WhiteElo "2119"]
[BlackElo "2171"]

1.d4 Nf6 2.c4 g6 3.Nc3 d5 4.Bf4 Bg7 5.Nf3 O-O 6.Rc1 a6 7.e3 c5 8.dxc5 Qa5
9.cxd5 Ne4 10.Be5 f6 11.Bxb8 Rxb8 12.Qa4 Qxc5 13.Qxe4 f5 14.Qc2 Rd8 15.Be2 e5
16.dxe6 Bxe6 17.O-O Rbc8 18.h3 Bxa2 19.b4 {#r} 1-0

[Event "Ch Victoria"]
[Site "masterchessopen.com – Australia"]
[Round "9"]
[White "Goldenberg Igor (AUS)"]
[Black "Jordan William (AUS)"]
[Result "1-0"]
[WhiteElo "2345"]
[BlackElo "2340"]

1.d4 Nf6 2.c4 g6 3.Nc3 d5 4.Bf4 Bg7 5.Nf3 O-O 6.Rc1 dxc4 7.e4 c6 8.Bxc4 b5
9.Bd3 Bb7 10.Qe2 Nbd7 11.O-O c5 12.d5 c4 13.Bb1 Nc5 14.Qe3 Nfd7 15.Rfd1 Qb6
16.Bh6 e5 17.dxe6 Qxe6 18.Bxg7 Kxg7 19.Ng5 Qf6 20.f4 Rfe8 21.e5 Qc6 22.Nce4 f5
23.Rd6 Qc7 24.Nxc5 Nxc5 25.Qh3 Kg8 26.b4 Na4 27.Rcd1 Qg7 28.Rd7 Re7 29.Rd8+
Re8 30.R1d7 {#r} 1-0

[Event "n) (b"]
[Site "masterchessopen.com – Balatonbereny (Hungary)"]
[Round "6"]
[White "Gal Gabor (HUN)"]
[Black "Kladiva Istvan (HUN)"]
[Result "0-1"]
[WhiteElo "2218"]
[BlackElo "2035"]

1.d4 Nf6 2.c4 g6 3.Nc3 d5 4.Nf3 Bg7 5.Bf4 O-O 6.Qb3 c6 7.cxd5 Nxd5 8.Nxd5 Qxd5
9.Qxd5 cxd5 10.e3 Nc6 11.Kd2 f6 12.Bb5 Bd7 13.Rhc1 e5 14.Bg3 Rfe8 15.a3 exd4
16.Bxc6 dxe3+ 17.fxe3 bxc6 18.Nd4 f5 19.Bf4 Re4 20.g3 Bf6 21.h4 Kg7 22.Rab1 h6
23.Nf3 Rae8 24.Kd3 Kh7 25.Rc5 Bd8 26.Rc3 Bb6 27.Kd2 c5 28.Rd3 d4 29.exd4 cxd4
30.Re1 Bb5 {#R} 0-1

[Event "It (cat.11)"]
[Site "masterchessopen.com – Rishon le Zion (Israel)"]
[Round "6"]
[White "Kogan Artur (ISR)"]
[Black "Finkel Alexander (ISR)"]
[Result "1-0"]
[WhiteElo "2495"]
[BlackElo "2490"]

1.d4 Nf6 2.c4 g6 3.Nc3 d5 4.Bf4 Bg7 5.Nf3 O-O 6.Rc1 c5 7.dxc5 Ne4 8.cxd5 Nxc3
9.bxc3 Qa5 10.Qd2 Nd7 11.e4 Nxc5 12.e5 b6 13.c4 Qxd2+ 14.Kxd2 Bb7 15.Ke3 e6
16.Rd1 Rad8 17.d6 h6 18.h4 Nd7 19.Be2 Rc8 20.Rd2 Rfd8 21.Rb1 Bxf3 22.gxf3 Nxe5
23.Rb4 Nc6 24.Ra4 e5 25.Bg3 Nd4 26.Rxa7 Rxd6 27.Bd3 f5 28.Rxg7+ {#r} 1-0

[Event "It (cat.16)"]
[Site "masterchessopen.com – Biel (Switzerland)"]
[Round "4"]
[White "Portisch Lajos (HUN)"]
[Black "Tukmakov Vladimir B (UKR)"]
[Result "1-0"]
[WhiteElo "2600"]
[BlackElo "2580"]

1.d4 Nf6 2.c4 g6 3.Nc3 d5 4.Nf3 Bg7 5.Bf4 O-O 6.Rc1 dxc4 7.e4 b5 8.Nxb5 Nxe4
9.Bxc7 Qd7 10.Bxc4 a6 11.Na3 Nc6 12.O-O Qxc7 13.Bd5 Nf6 14.Bxc6 Rb8 15.Ne5 Qa7
16.Bf3 Bb7 17.Nac4 Rbd8 18.Qb3 Bxf3 19.Qxf3 Rd5 20.Ne3 Rb5 21.Nc6 Qd7 22.b3
Bh6 23.Rc4 Bxe3 24.Qxe3 Nd5 25.Qf3 e6 26.Rfc1 Qd6 27.Ne5 Ra5 28.R1c2 Qb4
29.Rc8 {#r} 1-0

[Event "It (open)"]
[Site "masterchessopen.com – Bled (Slovenia)"]
[Round "3"]
[White "Novikov Igor A (USA)"]
[Black "Biliskov Vjekoslav (CRO)"]
[Result "1-0"]
[WhiteElo "2585"]
[BlackElo "2330"]

1.d4 Nf6 2.c4 g6 3.Nc3 d5 4.Nf3 Bg7 5.Bf4 O-O 6.Rc1 dxc4 7.e4 Bg4 8.Bxc4 Nfd7
9.Be2 c6 10.Be3 Nb6 11.O-O N8d7 12.Qb3 Nf6 13.Rfd1 Be6 14.d5 cxd5 15.exd5 Bg4
16.h3 Bxf3 17.Bxf3 Rc8 18.Nb5 Rxc1 19.Rxc1 Nbxd5 20.Rd1 e6 21.Bc5 Qa5 22.Bxf8
Bxf8 23.Nd4 Qc7 24.Nb5 Qc5 25.Na3 b6 26.Qc4 Qd6 27.Nb5 Qe5 28.Qd4 Qb8 29.Nc3
Bc5 30.Qc4 Nxc3 31.Qxc3 Qf4 32.Qd2 Qh4 33.Qe2 h5 34.Rd2 g5 35.Qe5 Kg7 36.g3
{#r} 1-0

[Event "It (open) \"]
[Site "masterchessopen.com – Bratislava (Slovakia)"]
[Round "8"]
[White "Kebis Milos (SVK)"]
[Black "Certek Pavel (SVK)"]
[Result "0-1"]
[WhiteElo "2008"]
[BlackElo "2322"]

1.d4 Nf6 2.Nf3 g6 3.c4 Bg7 4.Nc3 d5 5.Bf4 O-O 6.Rc1 dxc4 7.e4 c5 8.Bxc4 cxd4
9.Nb5 Nc6 10.O-O Nh5 11.Bc7 Qd7 12.e5 a6 13.e6 fxe6 14.Re1 axb5 15.Bxe6+ Qxe6
16.Rxe6 Bxe6 17.a3 Rac8 18.Bb6 Nf4 19.h3 Bc4 20.Kh2 e5 21.a4 Kh8 22.axb5 Ne7
23.Qa4 Bd5 24.Rxc8 Rxc8 25.Qb4 Nf5 26.Qd2 Bxf3 27.gxf3 h5 28.Qe1 Rc2 29.Qf1
Kh7 {#R} 0-1

[Event "It (open)"]
[Site "masterchessopen.com – Budapest (Hungary)"]
[Round "3"]
[White "Csiszar Csaba (HUN)"]
[Black "Kis Bela (HUN)"]
[Result "1-0"]
[WhiteElo "2360"]
[BlackElo "2063"]

1.d4 Nf6 2.Nf3 d5 3.c4 g6 4.Nc3 Bg7 5.Bf4 O-O 6.Rc1 dxc4 7.e3 Be6 8.Be2 c6
9.O-O b5 10.Ng5 Bc8 11.Bf3 Qb6 12.b3 h6 13.Nge4 Nxe4 14.Bxe4 cxb3 15.Qxb3 a6
16.d5 g5 17.dxc6 Be6 18.Nd5 Bxd5 19.Bxd5 gxf4 20.c7 Nc6 21.Rxc6 Qb7 22.Rc2 Qc8
23.Bxa8 Qxa8 24.exf4 {#r} 1-0

[Event "Ch Finland (team) 1996/97"]
[Site "masterchessopen.com – Finland"]
[Round "2"]
[White "Henttinen Markku I O (FIN)"]
[Black "Myllyniemi Martti (FIN)"]
[Result "1-0"]
[WhiteElo "2270"]
[BlackElo "2142"]

1.d4 Nf6 2.c4 g6 3.Nc3 d5 4.Nf3 Bg7 5.Bf4 O-O 6.Rc1 c5 7.dxc5 Qa5 8.cxd5 Rd8
9.Bd2 Qxc5 10.e4 Ng4 11.Qe2 Na6 12.h3 Ne5 13.Nxe5 Bxe5 14.f4 Bf6 15.g3 Bd7
16.e5 Bg7 17.Bg2 Rac8 18.Be3 Qa5 19.O-O b5 20.a3 Nc7 21.Qf2 b4 22.axb4 Qxb4
23.Bc5 Qb3 24.Bxe7 Re8 25.d6 Ne6 26.Qxa7 Nc5 27.Nd5 Qxb2 28.Rxc5 Bxh3 29.Rf2
Qb1+ 30.Kh2 Bxg2 31.Rxg2 Ra8 32.d7 {#r} 1-0

[Event "It (cat.7)"]
[Site "masterchessopen.com – Gausdal (Norway)"]
[Round "3"]
[White "Kraidman Yair (ISR)"]
[Black "Elsness Frode (NOR)"]
[Result "0-1"]
[WhiteElo "2380"]
[BlackElo "2350"]

1.d4 Nf6 2.c4 g6 3.Nc3 d5 4.Nf3 Bg7 5.Bf4 O-O 6.Rc1 dxc4 7.e4 Bg4 8.Bxc4 Bxf3
9.gxf3 Nh5 10.Be3 e6 11.Qd2 Nc6 12.d5 Ne5 13.Be2 exd5 14.Nxd5 c6 15.f4 cxd5
16.fxe5 Qh4 17.exd5 Bxe5 18.Rc4 Qh3 19.Qd1 Nf6 20.Bf3 Rfe8 21.Ke2 Rad8 22.Qa4
a6 23.Rh4 Qf5 24.Rd1 b5 25.Qxa6 Bf4 26.Qxb5 Bxe3 27.fxe3 Qg5 28.Rh3 Rxe3+
29.Kf1 Qf4 30.Rd3 Rc8 31.Qb3 Ng4 32.d6 Rc1+ 33.Kg2 Re2+ {#R} 0-1

[Event "It (cat.7)"]
[Site "masterchessopen.com – Gausdal (Norway)"]
[Round "1"]
[White "Kraidman Yair (ISR)"]
[Black "Moberg Karl Johan (SWE)"]
[Result "1-0"]
[WhiteElo "2380"]
[BlackElo "2390"]

1.d4 Nf6 2.c4 g6 3.Nc3 d5 4.Nf3 Bg7 5.Bf4 O-O 6.Rc1 c5 7.dxc5 Be6 8.e3 Nc6
9.Be2 Ne4 10.Nd4 Nxd4 11.exd4 Nxc3 12.bxc3 dxc4 13.O-O Bd5 14.Bf3 b6 15.c6 Rc8
16.c7 Qd7 17.Re1 Rfe8 18.Bxd5 Qxd5 19.Qa4 b5 20.Qxa7 b4 21.cxb4 Bxd4 22.Rcd1
e5 23.Bxe5 Rxe5 24.Rxe5 Bxf2+ 25.Kxf2 Qxd1 26.Qe3 Qd7 27.Re7 Qf5+ 28.Qf3 Qc2+
29.Kg3 Qd3 30.Qxd3 cxd3 31.Kf3 {#r} 1-0

[Event "It (open)"]
[Site "masterchessopen.com – Gent (Belgium)"]
[Round "5"]
[White "Bosboom Manuel (NED)"]
[Black "Mohandesi Shahin (IRI)"]
[Result "1-0"]
[WhiteElo "2410"]
[BlackElo "2355"]

1.d4 Nf6 2.c4 g6 3.Nc3 d5 4.Nf3 Bg7 5.Bf4 O-O 6.Rc1 dxc4 7.e4 c6 8.Bxc4 b5
9.Bd3 a6 10.O-O Bg4 11.e5 Nd5 12.Bg5 f6 13.exf6 exf6 14.Bh4 Bh6 15.Nxd5 Qxd5
16.Rc3 Qxa2 17.Qc2 Qf7 18.Be4 Be6 19.Bg3 Rc8 20.h4 Bf8 21.h5 g5 22.Re1 Bd5
23.Nxg5 fxg5 24.Bxd5 Qxd5 25.Re5 Qd8 26.Rf3 Ra7 27.Qb3+ Kh8 28.Qe6 h6 29.Ref5
Bg7 30.Be5 Bxe5 31.Qxh6+ Kg8 32.Qe6+ Kh7 33.Rf7+ {#r} 1-0

[Event "Memorial Berze (open)"]
[Site "masterchessopen.com – Godollo (Hungary)"]
[Round "0"]
[White "Torok Sandor (HUN)"]
[Black "Toth Mate (HUN)"]
[Result "0-1"]
[WhiteElo "2319"]
[BlackElo "1955"]

1.d4 Nf6 2.c4 g6 3.Nc3 d5 4.Bf4 Bg7 5.Nf3 O-O 6.Rc1 c5 7.e3 Ne4 8.cxd5 Qa5
9.Qc2 cxd4 10.exd4 Bf5 11.Bd3 Nxc3 12.Bxf5 Ne4+ 13.Nd2 gxf5 14.O-O Qxd5
15.Nxe4 fxe4 16.Rfe1 Nc6 17.Rxe4 Nxd4 18.Qd3 e5 19.Be3 Nf3+ {#R} 0-1

[Event "Ch Hungary"]
[Site "masterchessopen.com – Hungary"]
[Round "0"]
[White "Vegh Endre (HUN)"]
[Black "Feher Gyula (HUN)"]
[Result "0-1"]
[WhiteElo "2330"]
[BlackElo "2375"]

1.d4 Nf6 2.c4 g6 3.Nc3 d5 4.Nf3 Bg7 5.Bf4 O-O 6.Rc1 dxc4 7.e4 b5 8.Nxb5 Nxe4
9.Bxc7 Qd7 10.Bxc4 a6 11.Na3 Nc6 12.O-O Bb7 13.Be5 Bh6 14.Rb1 Rad8 15.Qe2 Nxe5
16.dxe5 Qc6 17.Kh1 Nd2 18.Rbc1 Qb6 19.Nxd2 Rxd2 20.Qe1 Qd4 21.f3 Rd8 22.Bb3
Rxb2 23.Rc7 Bd5 24.Nc4 Bxc4 25.Rxc4 Qd2 26.Qg3 Qe2 27.Re1 Rxb3 28.axb3 Rd1
29.Re4 Qf1+ {#R} 0-1

[Event "It (open)"]
[Site "masterchessopen.com – Polanica Zdroj (Poland)"]
[Round "7"]
[White "Perdek Miroslaw (POL)"]
[Black "Miednikova Swietlana (RUS)"]
[Result "0-1"]
[WhiteElo "2320"]
[BlackElo "2165"]

1.d4 Nf6 2.Nf3 g6 3.c4 Bg7 4.Nc3 d5 5.Bf4 O-O 6.Rc1 c5 7.dxc5 dxc4 8.Qxd8 Rxd8
9.e3 Na6 10.Bxc4 Nxc5 11.Bc7 Nd3+ 12.Bxd3 Rxd3 13.Ne5 Rxc3 14.Rxc3 Nd5 15.Rd3
Be6 16.Nxg6 hxg6 17.Ba5 b6 18.Bd2 Bxb2 19.O-O Rc8 20.Rd1 Rc2 21.e4 Nc3 22.Rd8+
Kg7 23.Re1 Nxa2 24.Be3 Nb4 25.Rb1 Nc6 26.Ra8 b5 {#R} 0-1

[Event "It (cat.7)"]
[Site "masterchessopen.com – Budapest (Hungary)"]
[Round "9"]
[White "Tyomkin Dimitri (CAN)"]
[Black "Wapner Jonathan (ISR)"]
[Result "0-1"]
[WhiteElo "2390"]
[BlackElo "2350"]

1.d4 Nf6 2.Nf3 g6 3.c4 Bg7 4.Nc3 d5 5.Bf4 O-O 6.Rc1 dxc4 7.e4 Bg4 8.Bxc4 Nh5
9.Be3 Bxf3 10.gxf3 e5 11.dxe5 Qh4 12.e6 fxe6 13.Bxe6+ Kh8 14.Qd2 Nf4 15.Bxf4
Rxf4 16.Nd5 Rxf3 17.Qe2 Rf8 18.Nxc7 Nc6 19.Rxc6 bxc6 20.Nxa8 Be5 21.Kf1 Bd4
22.f3 Rxa8 {#R} 0-1

[Event "Ch Hungary (team) (3 liga)"]
[Site "masterchessopen.com – Hungary"]
[Round "0"]
[White "Timar Zsolt (HUN)"]
[Black "Sarvari Robert (HUN)"]
[Result "1-0"]
[WhiteElo "2119"]
[BlackElo "2047"]

1.d4 Nf6 2.c4 g6 3.Nc3 d5 4.Bf4 Bg7 5.Nf3 O-O 6.Rc1 c5 7.dxc5 Qa5 8.cxd5 Rd8
9.Bd2 Qxc5 10.e4 Ng4 11.Qe2 Bxc3 12.Bxc3 b6 13.Qd2 Qd6 14.h3 {#r} 1-0

[Event "Memorial D.Porath"]
[Site "masterchessopen.com – Israel"]
[Round "6"]
[White "Kraidman Yair (ISR)"]
[Black "Mikhalevski Victor (ISR)"]
[Result "0-1"]
[WhiteElo "2340"]
[BlackElo "2535"]

1.d4 Nf6 2.c4 g6 3.Nc3 d5 4.Nf3 Bg7 5.Bf4 O-O 6.Rc1 dxc4 7.e4 Bg4 8.Bxc4 Nh5
9.Be3 Bxf3 10.gxf3 e5 11.dxe5 Qh4 12.e6 fxe6 13.Bxe6+ Kh8 14.Nd5 Nc6 15.Bg4
Nf6 16.Nxf6 Bxf6 17.Rc5 Rad8 18.Rd5 Ne5 19.Rxd8 Rxd8 20.Qe2 Bg7 21.O-O Rf8
22.h3 h5 23.f4 hxg4 24.fxe5 Rf3 25.hxg4 {#R} 0-1

[Event "Ch Czech Republic (cat.10)"]
[Site "masterchessopen.com – Zlin (Czech Republic)"]
[Round "2"]
[White "Jirovsky Milos (CZE)"]
[Black "Kalod Radek (CZE)"]
[Result "0-1"]
[WhiteElo "2480"]
[BlackElo "2430"]

1.d4 Nf6 2.Nf3 g6 3.c4 Bg7 4.Nc3 d5 5.Bf4 O-O 6.Rc1 dxc4 7.e4 b5 8.Nxb5 Nxe4
9.Bxc4 c6 10.Nc3 Nd6 11.Bb3 Ba6 12.Be5 Bh6 13.h4 Nd7 14.h5 g5 15.Nxg5 Nxe5
16.dxe5 Qa5 17.f4 Bxg5 18.Qg4 Ne4 19.fxg5 Nxc3 20.Rxc3 Qxe5+ 21.Kd2 Rad8+
22.Kc1 Bd3 23.Rxd3 Rxd3 24.g6 Rg3 25.gxf7+ Kh8 26.Qc4 Rxg2 27.Qc3 Qxc3+
28.bxc3 h6 29.Re1 Rg5 30.Rxe7 a5 31.Re6 Kg7 32.Rxc6 Rxh5 33.Rd6 Rg5 34.Bd5 h5
35.c4 h4 36.Rb6 h3 37.Rb3 Rh8 38.Re3 h2 39.Re1 Rg1 {#R} 0-1

[Event "It (open) (b)"]
[Site "masterchessopen.com – Zurich (Switzerland)"]
[Round "0"]
[White "Kuchen Daniel (SUI)"]
[Black "Hugentobler Patrick (SUI)"]
[Result "1-0"]
[WhiteElo "2130"]
[BlackElo "2243"]

1.d4 Nf6 2.Nf3 g6 3.c4 Bg7 4.Nc3 d5 5.Bf4 O-O 6.h3 c5 7.e3 Nc6 8.dxc5 Qa5
9.Qa4 Qxc5 10.Qb5 Qxb5 11.cxb5 Nb4 12.Rc1 Bf5 13.Ne5 d4 14.exd4 Nc2+ 15.Rxc2
Bxc2 16.g4 Be4 17.f3 Nd5 18.Bh2 Nxc3 19.bxc3 Bd5 20.c4 Bxe5 21.Bxe5 Bxf3
22.Rh2 f6 23.Bc7 Rac8 24.Ba5 e6 25.Rf2 Be4 26.Bb4 Rf7 27.Bd6 Rd8 28.c5 Rxd6
29.cxd6 f5 30.Bc4 Bd5 31.Bxd5 exd5 32.gxf5 gxf5 33.Rc2 Rd7 34.Rc7 Rxd6 35.Rxb7
a6 36.b6 Rh6 37.Rb8+ Kg7 38.b7 Rb6 39.Kf2 Rb4 40.Kf3 {#r} 1-0

[Event "It (open) (active)"]
[Site "masterchessopen.com – Bastia (France)"]
[Round "9"]
[White "Relange Eloi (FRA)"]
[Black "Palac Mladen (CRO)"]
[Result "0-1"]
[WhiteElo "2490"]
[BlackElo "2560"]

1.d4 Nf6 2.c4 g6 3.Nc3 d5 4.Nf3 Bg7 5.Bf4 O-O 6.Rc1 dxc4 7.e4 Bg4 8.Bxc4 Bxf3
9.gxf3 Nh5 10.Be3 e5 11.dxe5 Bxe5 12.Qxd8 Rxd8 13.Ne2 Nc6 14.f4 Bxb2 15.Rb1
Na5 16.Rxb2 Nxc4 17.Rxb7 Nxe3 18.fxe3 Nf6 19.e5 Ng4 20.Rg1 Nxe3 21.Kf2 Nd1+
22.Ke1 Ne3 23.Kf2 Nf5 24.Rc1 Rd2 25.Rcxc7 Nd4 26.Rxf7 Rxe2+ 27.Kf1 Rxh2 {#R}
0-1